000 00262nam a22001217a 4500
008 170529b xxu||||| |||| 00| 0 eng d
041 _aGER
080 _a621.3
100 _a25
101 _aIM
245 _aDATEN ORGANISATION
_cWEDEKING.H
942 _2udc
_cBK
999 _c14748
_d14748